From theory to practice (Registro nro. 714)
[ vista simple ]
| 000 -CABECERA | |
|---|---|
| Campo de control | 00793nam a2200241 a 4500 |
| 005 - FECHA Y HORA DE LA ULTIMA TRANSACCION | |
| Campo de control | 20160415160230.0 |
| 008 - ELEMENTOS DE LONGITUD FIJA—INFORMACION GENERAL | |
| Campo de control | 140221b1998 sz ad gr|||| 00| 0 eng d |
| 020 ## - ISBN | |
| ISBN | 2886852161 |
| 040 ## - FUENTE DE CATALOGACIÓN | |
| Agencia catalogadora original | CO-BoIAVH |
| Agencia transcriptora | CO-BoIAVH |
| 041 0# - IDIOMA | |
| Código de idioma para texto/pista de sonido o título separado | Inglés |
| 044 ## - PAÍS DE PUBLICACIÓN | |
| País de publicación | Suiza |
| 082 04 - NUMERO DE CLASIFICACION DECIMAL DEWEY | |
| Número de clasificación | 333.72 |
| Número del ítem | T39p |
| 245 05 - MENCION DE TITULO | |
| Título | From theory to practice |
| Parte restante del título | incentive measures in developing countries / |
| 260 ## - PUBLICACION, DISTRIBUCION, ETC. (PIE DE IMPRENTA) | |
| Lugar de publicación, distribución, etc. | Gland (Suiza) : |
| Nombre del editor, distribuidor, etc. | WWF International, |
| Fecha de publicación, distribución, etc. | 1998. |
| 300 ## - DESCRIPCION FISICA | |
| Extensión | 43 páginas : |
| Otros detalles físicos | ilustraciones y tablas ; |
| Dimensiones | 30 x 21 centímetros |
| 650 #6 - ASIENTO SECUNDARIO DE MATERIA - TERMINO TEMATICO | |
| Término temático o nombre geográfico como elemento de entrada | Biodiversidad |
| Subdivisión general | Uso sostenible |
| 9 (RLIN) | 65484 |
| 650 #6 - ASIENTO SECUNDARIO DE MATERIA - TERMINO TEMATICO | |
| Término temático o nombre geográfico como elemento de entrada | Reservas Naturales |
| Subdivisión general | conservación |
| 9 (RLIN) | 65485 |
| 650 #6 - ASIENTO SECUNDARIO DE MATERIA - TERMINO TEMATICO | |
| Término temático o nombre geográfico como elemento de entrada | Comunidades locales |
| 9 (RLIN) | 3678 |
| 650 #6 - ASIENTO SECUNDARIO DE MATERIA - TERMINO TEMATICO | |
| Término temático o nombre geográfico como elemento de entrada | Conocimiento tradicional |
| 9 (RLIN) | 65486 |
| 650 #4 - ASIENTO SECUNDARIO DE MATERIA - TERMINO TEMATICO | |
| Término temático o nombre geográfico como elemento de entrada | Etnoeducación |
| 9 (RLIN) | 8834 |
| 710 2# - ASIENTO SECUNDARIO - NOMBRE CORPORATIVO | |
| Nombre corporativo o de jurisdicción como elemento de entrada | WWF Internacional |
| 9 (RLIN) | 2044 |
| 942 ## - ELEMENTOS ADICIONALES (KOHA) | |
| Tipo de ítem | Libro |
| Sistema de clasificación | Dewey Decimal Classification |
| Withdrawn status | Lost status | Sistema de Clasificación | Damaged status | No para préstamo | Colección | Inventariado | Ubicación Permanente | Ubicación actual | Fecha de adquisición | Fuente de Valor | Valor | Total Checkouts | Número topográfico | Inventario / Código de Barras | Date last seen | Ejemplar | Price effective from | Forma de adquisición | Tipo de material | Public note |
|---|---|---|---|---|---|---|---|---|---|---|---|---|---|---|---|---|---|---|---|---|
| Dewey Decimal Classification | General | Inventariado 2017 | Bogotá | Bogotá | 07/09/1998 | Hernández Salgar, Ana María | 39000.00 | LB-333.72 T39p | 001008 | 04/12/2012 | Ej. 1 | 04/12/2012 | Libro | |||||||
| Dewey Decimal Classification | General | Inventariado 2017 | Sala Fabio Quevedo | Sala Fabio Quevedo | 07/09/1998 | Hernández Salgar, Ana María | 39000.00 | LB-333.72 T39p | 001007 | 04/12/2012 | Ej. 3 | 04/12/2012 | Donación | Libro | ||||||
| Dewey Decimal Classification | General | Inventariado 2017 | Sala Fabio Quevedo | Sala Fabio Quevedo | 19/01/2001 | Baptiste, Luis Guillermo | 39000.00 | LB-333.72 T39p | 001009 | 04/12/2012 | Ej. 2 | 04/12/2012 | Libro | Versión Español | ||||||
| Local | General | Villa de Leyva | Villa de Leyva | 12/03/2003 | Uso y Valoración | LB-00699 | 004805 | 17/04/2013 | Ej. 1 | 04/12/2012 | Libro | |||||||||
| Local | General | Villa de Leyva | Villa de Leyva | 23/03/2004 | LB-00699 | 015839 | 17/04/2013 | Ej. 2 | 04/12/2012 | Libro |